| 000 | 00495nam a2200157 i 4500 | ||
|---|---|---|---|
| 001 | 78971 | ||
| 003 | ES-MaACL | ||
| 007 | t| | ||
| 008 | 041018s1968 sp ||||1| spa d | ||
| 100 | 1 |
_aHeimann, Eduard. _962363 |
|
| 245 | 1 | 0 |
_aTeoría social de los sistemas económicos / _cEduard Heimann ; [traducción por Santiago Martínez Haba]. |
| 260 |
_aMadrid : _bTecnos, _c[1968] |
||
| 300 |
_a366 p. ; _c23 cm. |
||
| 700 | 1 |
_aMartínez Haba, Santiago. _978146 |
|
| 852 |
_aES-MaACL _jG-5523 _bR.65718 |
||
| 999 |
_c78971 _d78971 |
||